Expert systems in factory management : knowledge-based CIM
Αποθηκεύτηκε σε:
| Κύριος συγγραφέας: | |
|---|---|
| Μορφή: | Βιβλίο |
| Γλώσσα: | English |
| Δημοσίευση: |
New York :
E. Horwood,
1990
|
| Σειρά: | Ellis Horwood books in information technology
|
| Θέματα: | |
| Ετικέτες: |
Προσθήκη ετικέτας
Δεν υπάρχουν, Καταχωρήστε ετικέτα πρώτοι!
|
MARC
| LEADER | 00000cam a2200000 i 4500 | ||
|---|---|---|---|
| 001 | 1/62784 | ||
| 008 | 941103s1990 eng d | ||
| 020 | |a 0132934736 |c $79.95 | ||
| 035 | |l 10046679 | ||
| 035 | |a 1993 |c ΠΑΝΑΓΙΩΤΟΠΟΥΛΟΣ | ||
| 040 | |a GR-MY-UA |b gre |e aacr | ||
| 041 | 0 | |a eng | |
| 082 | 0 | |a 006.33 |2 (20) | |
| 100 | 1 | |a Meyer, W. |q (Wolfgang) |d 1948- | |
| 245 | 1 | 0 | |a Expert systems in factory management : |b knowledge-based CIM / |c W. Meyer |
| 260 | |a New York : |b E. Horwood, |c 1990 | ||
| 300 | |a 339 p.; |b ill.; |c 25 cm | ||
| 490 | 1 | |a Ellis Horwood books in information technology | |
| 504 | |a Includes bibliographical references (p. [327]-332) and index | ||
| 650 | 0 | 0 | |a Computer integrated manufacturing systems. |
| 650 | 0 | 0 | |a Expert systems (Computer science) |
| 830 | 0 | |a Ellis Horwood books in information technology | |
| 852 | |a INST |b SAMOS |e 19941103 |h 006.33 MEY |p 005300003721 |q 005300003721 |t BK |y 0 | ||
| 909 | |a Σ |b 029593 | ||